Los seminaristas y el servicio militar (Record no. 158461)

MARC details
000 -LEADER
campo de control de longitud fija 00761nam a22001815i 4500
001 - NÚMERO DE CONTROL
campo de control 158461
003 - IDENTIFICADOR DE NÚMERO DE CONTROL
campo de control ES-MaACL
005 - FECHA Y HORA DE LA ÚLTIMA TRANSACCIÓN
campo de control 20250915063058.0
008 - DATOS DE LONGITUD FIJA--INFORMACIÓN GENERAL
campo de control de longitud fija 031216s1890 sp |||| | spa d
040 ## - FUENTE DE CATALOGACIÓN
Centro catalogador/agencia de origen CAM
Lengua de catalogación spa
Centro/agencia transcriptor CAM
100 1# - ENTRADA PRINCIPAL--NOMBRE DE PERSONA
Nombre de persona Sancha, Ciriaco-María,
Fechas asociadas al nombre 1833-1909
9 (RLIN) 132386
245 14 - MENCIÓN DEL TÍTULO
Título Los seminaristas y el servicio militar
Resto del título : discurso /
Mención de responsabilidad, etc. leído por el Obispo de Madrid-Alcalá en la sesión celebrada el 9 de octubre de 1890 en el Congreso Católico de Zaragoza.
260 ## - PUBLICACIÓN, DISTRIBUCIÓN, ETC.
Lugar de publicación, distribución, etc. Madrid :
Nombre del editor, distribuidor, etc. [s.n.],
Fecha de publicación, distribución, etc. 1890 (
Fabricante Tipografía de los Huérfanos)
300 ## - DESCRIPCIÓN FÍSICA
Extensión 29 p. ;
Dimensiones 23 cm.
650 04 - PUNTO DE ACCESO ADICIONAL DE MATERIA--TÉRMINO DE MATERIA
Término de materia o nombre geográfico como elemento de entrada Sacerdotes.
9 (RLIN) 16959
852 ## - LOCALIZACIÓN
Ubicación ES-MaACL
Número de control de estantería T-504-F-6
Nota libre -- Enc. hol. conservando la cub. original
-- -- Enc. en un vol. facticio
Holdings
Estatus retirado Estado de pérdida Estado de daño No para préstamo Colección Biblioteca de origen Biblioteca actual Ubicación en estantería Fecha de adquisición Total de préstamos Signatura topográfica completa Código de barras Visto por última vez Precio de reemplazo Tipo de ítem Koha
        Colección de folletos Biblioteca del Ateneo de Madrid Biblioteca del Ateneo de Madrid Depósito folletos 17/01/2008   T-504-F-6 1165853 23/02/2023 23/02/2023 Folleto